100 plus grandes Villes en Russie (AVEC CARTE) - Statistiques

Statistiques générales
  • Ce quiz a été pris 62 fois
  • Le résultat moyen est 29 sur 100
Réponses sur la Carte
Les réponses sont colorées sur une échelle allant du rouge au vert en fonction du pourcentage des utilisateurs qui les ont devinées à leur premier essai. Vous pouvez retrouver ces pourcentages ci-dessous.
 
Statistiques - réponses
Federal Subject Pop City % Correct
Moscou 13.0 m Moscou
100%
Saint Pétersbourg 5,60 m Saint Pétersbourg
100%
Kraï du Primorié 603 k Vladivostok
85%
Oblast de Kaliningrad 490 k Kaliningrad
79%
Oblast de Nijni Novgorod 1,22 m Nijni Novgorod
79%
République autonome de Crimée 547 k Sebastopol
79%
République du Tatarstan 1,30 m Kazan
76%
Oblast de Volgograd 1,02 m Volgograd
76%
Murmansk Oblast 270 k Mourmansk
74%
Oblast de Novossibirsk 1,63 m Novossibirsk
74%
Oblast de Rostov 1,14 m Rostov-sur-le-Don
74%
Oblast d'Omsk 1,12 m Omsk
71%
Krasnodar Krai 466 k Sotchi
65%
Oblast de Sverdlovsk 1,54 m Ekaterinbourg
59%
Kraï de Krasnodar 1,09 m Krasnodar
53%
Kursk Oblast 440 k Koursk
50%
République de Bachkirie 1,14 m Oufa
50%
Kraï de Perm 1,03 m Perm
50%
Oblast de Samara 1,15 m Samara
50%
Oblast de Voronej 1,05 m Voronej
50%
Oblast d'Irkoutsk 617 k Irkoutsk
47%
Oblast de Saratov 901 k Saratov
47%
Belgorod Oblast 339 k Belgorod
44%
Kraï de Krasnoïarsk 1,18 m Krasnoïarsk
44%
Arkhangelsk Oblast 301 k Arkhangelsk
41%
Oblast d'Astrakhan 475 k Astrakhan
41%
Oblast de Tcheliabinsk 1,18 m Tcheliabinsk
41%
Oblast de Tomsk 556 k Tomsk
41%
Tula Oblast 473 k Toula
41%
Sakha Republic 355 k Iakoutsk
38%
Novgorod Oblast 224 k Veliki Novgorod
35%
Republic of Crimea 340 k Simferopol
32%
Oblast de Tioumen 847 k Tioumen
32%
Bryansk Oblast 379 k Briansk
29%
Oblast d'Orenbourg 543 k Orenbourg
29%
Smolensk Oblast 316 k Smolensk
29%
Oblast de Iaroslavl 577 k Iaroslavl
26%
République du Daghestan 623 k Makhatchkala
26%
Samara Oblast 684 k Togliatti
26%
Tver Oblast 416 k Tver
26%
Vladimir Oblast 349 k Vladimir
26%
Krasnodar Krai 262 k Novorossiisk
24%
Pskov Oblast 193 k Pskov
24%
Oblast de Riazan 528 k Riazan
24%
Republic of Mordovia 314 k Saransk
24%
Chechen Republic 328 k Groznyï
21%
Ivanovo Oblast 361 k Ivanovo
21%
Kraï de Khabarovsk 617 k Khabarovsk
21%
Oblast de Lipetsk 496 k Lipetsk
21%
Orenburg Oblast 189 k Orsk
21%
Republic of Buryatia 437 k Oulan-Oude
21%
Oblast de Penza 501 k Penza
21%
Republic of North Ossetia 295 k Vladikavkaz
21%
Kraï de l'Altaï 630 k Barnaoul
18%
Saratov Oblast 225 k Engels
18%
République d'Oudmourtie 623 k Ijevsk
18%
Kaluga Oblast 337 k Kalouga
18%
Oblast de Kemerovo 557 k Kemerovo
18%
Kraï de Stavropol 547 k Stavropol
18%
Tambov Oblast 261 k Tambov
18%
Zabaykalsky Krai 334 k Tchita
18%
Vologda Oblast 313 k Vologda
18%
Republic of Khakassia 184 k Abakan
15%
Irkutsk Oblast 221 k Angarsk
15%
Krasnodar Krai 187 k Armavir
15%
Irkutsk Oblast 224 k Bratsk
15%
Khabarovsk Krai 238 k Komsomolsk-sur-l'Amour
15%
Moscow Oblast 228 k Korolev
15%
Chelyabinsk Oblast 410 k Magnitogorsk
15%
Oblast de Kemerovo 537 k Novokouznetsk
15%
Oblast d'Oulianovsk 617 k Oulianovsk
15%
Moscow Oblast 314 k Podolsk
15%
Khanty-Mansi Autonomous Okrug 396 k Sourgout
15%
Saratov Oblast 184 k Balakovo
12%
Kirov Oblast 468 k Kirov
12%
Kostroma Oblast 267 k Kostroma
12%
Kurgan Oblast 310 k Kourgan
12%
Oryol Oblast 303 k Oriol
12%
Republique de Tchouvachie 497 k Tcheboksary
12%
Oblast de Moscou 520 k Balachikha
9%
Nizhny Novgorod Oblast 218 k Dzerjinsk
9%
Moscow Oblast 257 k Khimki
9%
Republic of Karelia 234 k Petrozavodsk
9%
Volgograd Oblast 321 k Voljski
9%
Rostov Oblast 226 k Chakhty
6%
Moscow Oblast 187 k Krasnogorsk
6%
République du Tatarstan 548 k Naberejnye Tchelny
6%
Khanty-Mansi Autonomous Okrug 283 k Nijnevartovsk
6%
Rostov Oblast 245 k Taganrog
6%
Mari El Republic 281 k Iochkar-Ola
3%
Moscow Oblast 224 k Lioubertsy
3%
Kabardino-Balkar Republic 247 k Naltchik
3%
Republic of Tatarstan 241 k Nijnekamsk
3%
Sverdlovsk Oblast 338 k Nijni Taguil
3%
Republic of Bashkortostan 277 k Sterlitamak
3%
Komi Republic 220 k Syktyvkar
3%
Amur Oblast 241 k Blagovechtchensk
0%
Moscow Oblast 255 k Mytichtchi
0%
Belgorod Oblast 221 k Stary Oskol
0%
Vologda Oblast 305 k Tcherepovets
0%
Aucun quiz correspondant
Distribution des résultats
% des personnes avec chaque résultat
Percentile par nombre de réponses
Votre historique - résultats
Vous n’avez pas pris ce quiz